<?xml version="1.0" encoding="UTF-8"?>
<record
    xmlns:xsi="http://www.w3.org/2001/XMLSchema-instance"
    xsi:schemaLocation="http://www.loc.gov/MARC21/slim http://www.loc.gov/standards/marcxml/schema/MARC21slim.xsd"
    xmlns="http://www.loc.gov/MARC21/slim">

  <leader>00933nam a22002417a 4500</leader>
  <controlfield tag="005">20140825152548.0</controlfield>
  <controlfield tag="008">140714b        xxu||||| |||| 00| 0 Urdu d</controlfield>
  <datafield tag="010" ind1=" " ind2=" ">
    <subfield code="a">UR-143</subfield>
  </datafield>
  <datafield tag="020" ind1=" " ind2=" ">
    <subfield code="c">300.00</subfield>
    <subfield code="a">108172210574</subfield>
  </datafield>
  <datafield tag="035" ind1=" " ind2=" ">
    <subfield code="a">U-143</subfield>
  </datafield>
  <datafield tag="037" ind1=" " ind2=" ">
    <subfield code="b">BPPD/Pub/Ven</subfield>
  </datafield>
  <datafield tag="040" ind1=" " ind2=" ">
    <subfield code="a">DPL</subfield>
    <subfield code="b">Urdu</subfield>
  </datafield>
  <datafield tag="082" ind1=" " ind2=" ">
    <subfield code="a">303.625</subfield>
  </datafield>
  <datafield tag="100" ind1=" " ind2=" ">
    <subfield code="a">&#x633;&#x628;&#x6BE;&#x627; &#x634; &#x6AF;&#x62A;&#x627; &#x691; &#x6D2;</subfield>
  </datafield>
  <datafield tag="245" ind1=" " ind2=" ">
    <subfield code="a">&#x6AF;&#x648; &#x688; &#x633;&#x6D2; &#x6A9;&#x6CC;  &#x627; &#x648; &#x644;&#x627; &#x62F;: &#x628;&#x6BE;&#x627; &#x631; &#x62A; &#x645;&#x64A;&#x646; &#x628;&#x6BE;&#x6AF;&#x648; &#x627; &#x62F; &#x6BE;&#x634;&#x62A; &#x6AF;&#x631; &#x62F; &#x6CC;</subfield>
    <subfield code="c">&#x633;&#x628;&#x6BE;&#x627; &#x634; &#x6AF;&#x62A;&#x627; &#x691; &#x6D2;</subfield>
  </datafield>
  <datafield tag="246" ind1=" " ind2=" ">
    <subfield code="a">Godse ki aulad :Bharat mein Bhagva  Dahshat Gardi</subfield>
    <subfield code="b">bySubhash Gatade</subfield>
  </datafield>
  <datafield tag="260" ind1=" " ind2=" ">
    <subfield code="b">pharos media and Publishing Pvt. Ltd.</subfield>
    <subfield code="c">2013</subfield>
  </datafield>
  <datafield tag="260" ind1=" " ind2=" ">
    <subfield code="b">k.K.P. (Vender)</subfield>
  </datafield>
  <datafield tag="270" ind1=" " ind2=" ">
    <subfield code="a">D-84Abul Fazal Enclave- I,Jamia Nagar</subfield>
    <subfield code="b">New Delhi</subfield>
  </datafield>
  <datafield tag="270" ind1=" " ind2=" ">
    <subfield code="a"> 4806/24,Bharat Ram Road ,Dariya Ganj,</subfield>
    <subfield code="b">New Delhi (Vender)</subfield>
    <subfield code="e">110002</subfield>
    <subfield code="k">011 64527574,Fax47340207,M:9213116968-</subfield>
  </datafield>
  <datafield tag="300" ind1=" " ind2=" ">
    <subfield code="a">388&#x635;</subfield>
    <subfield code="c">22Cm (Hb)</subfield>
  </datafield>
  <datafield tag="942" ind1=" " ind2=" ">
    <subfield code="2">ddc</subfield>
    <subfield code="c">UR</subfield>
    <subfield code="e"> </subfield>
    <subfield code="h">303.625</subfield>
    <subfield code="m">&#x633; &#x628; &#x6BE;</subfield>
  </datafield>
  <datafield tag="999" ind1=" " ind2=" ">
    <subfield code="c">87404</subfield>
    <subfield code="d">87404</subfield>
  </datafield>
</record>
